[Event "Kieler Open 2021"]
[Site "Kiel"]
[Date "2021.07.24"]
[Round "1.28"]
[White "Schmidt, Peter"]
[Black "Beerbaum, Philipp"]
[Result "1/2-1/2"]
[WhiteElo "1913"]
[BlackElo "1360"]
[Annotator "PS"]
[PlyCount "91"]
[EventDate "2021.??.??"]
[WhiteTeam "Kieler SG"]
[BlackTeam "SK Lehrte"]

1. e4 c5 2. d4 cxd4 3. c3 g6 4. Nf3 Nc6 5. Bc4 Bg7 6. O-O e6 7. cxd4 Nge7 8. d5
Na5 9. Bb5 a6 10. Ba4 b5 11. Bc2 Nc4 12. Nc3 Qb6 13. Qd3 exd5 14. exd5 O-O 15.
b3 Ne5 16. Nxe5 Bxe5 17. Bh6 Re8 18. Rae1 Nf5 19. Bf4 d6 20. Bxe5 Rxe5 21. Rxe5
dxe5 22. Re1 Qd4 23. Qxd4 Nxd4 24. Bd3 f6 25. Ne4 Kg7 26. Rc1 Bf5 27. Rc7+ Kh6
28. f3 g5 29. Kf2 Kg6 30. g4 Bxe4 31. Bxe4+ f5 32. gxf5+ Kf6 33. Rxh7 Nxf5 34.
Rc7 Nd6 35. Kg3 a5 36. Kg4 Rh8 37. h3 Rh4+ 38. Kg3 Nxe4+ 39. fxe4 Rxe4 40. Rc5
a4 41. Rxb5 axb3 42. axb3 Rd4 43. Rb6+ Kf5 44. d6 Rd3+ 45. Kg2 Kf4 46. d7
1/2-1/2

[Event "Kieler Open 2021"]
[Site "Kiel"]
[Date "2021.07.24"]
[Round "1.29"]
[White "Langbein, Wolfgang"]
[Black "Peglau, Dora"]
[Result "0-1"]
[WhiteElo "1353"]
[BlackElo "1906"]
[Annotator "PS"]
[PlyCount "70"]
[EventDate "2021.??.??"]
[WhiteTeam "PSV Ribnitz-Damgarten"]
[BlackTeam "SZent Seeblick"]

1. d4 Nf6 2. c4 e6 3. Nc3 Bb4 4. e3 d5 5. c5 O-O 6. Bd2 b6 7. a3 Bxc3 8. Bxc3
Ne4 9. Qc2 bxc5 10. dxc5 Qe7 11. b4 a5 12. Bb2 c6 13. Nf3 Ba6 14. Bxa6 Nxa6 15.
Nd4 Rfc8 16. O-O axb4 17. axb4 Nxb4 18. Qe2 Nxc5 19. Ba3 Nca6 20. Rfc1 c5 21.
Bxb4 Nxb4 22. Rxa8 Rxa8 23. Nc2 Ra2 24. Qd1 Nxc2 25. Rxc2 Rxc2 26. Qxc2 c4 27.
Kf1 Qa3 28. Ke2 h5 29. h4 g6 30. g3 e5 31. f3 Qb3 32. Kd2 Qxc2+ 33. Kxc2 d4 34.
exd4 exd4 35. f4 Kg7 0-1

[Event "Kieler Open 2021"]
[Site "Kiel"]
[Date "2021.07.24"]
[Round "1.30"]
[White "Peglau, Mirjam"]
[Black "Holzapfel, Jörg"]
[Result "1-0"]
[WhiteElo "1906"]
[BlackElo "1338"]
[Annotator "PS"]
[PlyCount "65"]
[EventDate "2021.??.??"]
[WhiteTeam "SZent Seeblick"]
[BlackTeam "SC Turm Lüneburg"]

1. d4 d5 2. Nf3 Nf6 3. Bf4 c6 4. Nbd2 e6 5. e3 Nbd7 6. Bd3 a6 7. O-O c5 8. c3
c4 9. Bb1 Be7 10. Ne5 Qb6 11. Qc2 Bd6 12. Ndxc4 dxc4 13. Nxc4 Qc6 14. Nxd6+ Ke7
15. e4 Nh5 16. Nxc8+ Raxc8 17. Bg5+ f6 18. Qe2 g6 19. Be3 Rcf8 20. Rd1 Qc7 21.
d5 exd5 22. exd5 Kf7 23. Be4 Nf4 24. Qf3 g5 25. d6 Qc8 26. Bxf4 gxf4 27. Qxf4
Ke8 28. Qf5 Kd8 29. Rd4 Re8 30. Qd5 Rxe4 31. Rxe4 Ne5 32. f4 f5 33. Rxe5 1-0

[Event "Kieler Open 2021"]
[Site "Kiel"]
[Date "2021.07.24"]
[Round "1.31"]
[White "Harting-Maas, Daniel"]
[Black "Peglau, Sarah"]
[Result "0-1"]
[WhiteElo "1317"]
[BlackElo "1888"]
[Annotator "PS"]
[PlyCount "38"]
[EventDate "2021.??.??"]
[WhiteTeam "Lübecker SV"]
[BlackTeam "SZent Seeblick"]

1. e4 c6 2. d4 d5 3. Nc3 dxe4 4. Nxe4 Bf5 5. f3 e6 6. Bd3 Qxd4 7. Ne2 Qb6 8.
Qd2 Bxe4 9. Bxe4 Na6 10. c3 Bc5 11. Nd4 O-O-O 12. Qf2 e5 13. Bf5+ Kb8 14. Qg3
Ka8 15. Qxe5 Nf6 16. a4 Rhe8 17. Nxc6 Rxe5+ 18. Nxe5 Qd6 19. Bc2 Qxe5+ 0-1

[Event "Kieler Open 2021"]
[Site "Kiel"]
[Date "2021.07.24"]
[Round "1.32"]
[White "Strätker, Sebastian"]
[Black "Brühl, Rainer"]
[Result "1-0"]
[WhiteElo "1887"]
[BlackElo "1293"]
[Annotator "PS"]
[PlyCount "45"]
[EventDate "2021.??.??"]
[WhiteTeam "PTSV SK Hof 1892"]
[BlackTeam "SC Sottrum"]

1. c4 e6 2. g3 Nf6 3. Bg2 Nc6 4. Nf3 d5 5. d4 Bb4+ 6. Bd2 dxc4 7. Bxb4 Nxb4 8.
Qa4+ Nc6 9. Qxc4 Qd5 10. Nbd2 Qxc4 11. Nxc4 Bd7 12. O-O O-O 13. Rac1 b5 14.
Nce5 Nxe5 15. Nxe5 Rab8 16. Nxd7 Nxd7 17. Rxc7 Nb6 18. Rxa7 Na4 19. Rc1 Nxb2
20. Rcc7 Nc4 21. d5 e5 22. e3 b4 23. Rxc4 1-0

[Event "Kieler Open 2021"]
[Site "Kiel"]
[Date "2021.07.24"]
[Round "1.33"]
[White "Farokhi, Darian"]
[Black "Lu, Siyuan"]
[Result "1-0"]
[WhiteElo "1182"]
[BlackElo "1876"]
[Annotator "PS"]
[PlyCount "107"]
[EventDate "2021.??.??"]
[WhiteTeam "SK Doppelbauer Kiel"]
[BlackTeam "SC Schwarz-Weiß Harburg"]

1. e4 c5 2. Nf3 e6 3. d4 cxd4 4. Nxd4 Nc6 5. Nc3 Qc7 6. Be3 a6 7. Bd3 Nf6 8.
Qd2 Be7 9. O-O O-O 10. f4 d6 11. Nxc6 bxc6 12. Rf3 Ng4 13. Rg3 Nxe3 14. Qxe3 e5
15. f5 Bb7 16. Qh6 Bf6 17. Qxf6 g6 18. fxg6 fxg6 19. Qe6+ Kh8 20. Qh3 Qb6+ 21.
Kh1 Qxb2 22. Rf1 Qxc3 23. Rgf3 Rf4 24. Rxf4 exf4 25. Rxf4 Qa1+ 26. Rf1 Qg7 27.
Qe6 Rf8 28. Qxd6 Rxf1+ 29. Bxf1 h6 30. e5 Bc8 31. Qd8+ Qg8 32. Qf6+ Qg7 33.
Qxc6 Qf8 34. Qf6+ Qxf6 35. exf6 Be6 36. Bxa6 Bxa2 37. c4 Kg8 38. c5 Bd5 39. Bb5
Be6 40. c6 Kf7 41. Ba6 Kxf6 42. c7 h5 43. h4 Kf5 44. c8=Q Bxc8 45. Bxc8+ Kf4
46. Kh2 Ke5 47. Kg3 Ke4 48. Bd7 Ke5 49. Be8 Kf5 50. Kh3 Kf6 51. Kg3 Kf5 52. Kf3
g5 53. hxg5 Kxg5 54. Bxh5 1-0

[Event "Kieler Open 2021"]
[Site "Kiel"]
[Date "2021.07.24"]
[Round "1.34"]
[White "Peglau, Markus"]
[Black "Sauer, Andreas"]
[Result "1/2-1/2"]
[WhiteElo "1836"]
[BlackElo "1180"]
[Annotator "PS"]
[PlyCount "56"]
[EventDate "2021.??.??"]
[WhiteTeam "SZent Seeblick"]
[BlackTeam "SZent Bemerode"]

1. e4 e5 2. Nc3 Nc6 3. Bc4 Bc5 4. Qg4 g6 5. Qe2 Nd4 6. Qd1 Nf6 7. d3 h6 8. Nge2
d6 9. Nxd4 Bxd4 10. Be3 Bxe3 11. fxe3 Bg4 12. Qd2 Qe7 13. O-O O-O 14. Qf2 Kg7
15. Qh4 Be6 16. Bb3 Rae8 17. Rf3 g5 18. Qe1 c6 19. h3 h5 20. Ne2 g4 21. hxg4
hxg4 22. Rf1 Rh8 23. Ng3 Rh6 24. Qf2 Reh8 25. Nf5+ Bxf5 26. Qxf5 g3 27. Qg5+
Rg6 28. Qf5 Rgh6 1/2-1/2

[Event "Kieler Open 2021"]
[Site "Kiel"]
[Date "2021.07.24"]
[Round "1.35"]
[White "Chitsazian, Daniel"]
[Black "Olde, Henning"]
[Result "0-1"]
[WhiteElo "1142"]
[BlackElo "1832"]
[Annotator "PS"]
[PlyCount "64"]
[EventDate "2021.??.??"]
[WhiteTeam "SAbt SV Werder Bremen"]
[BlackTeam "SK Kollmar"]

1. e4 c5 2. Nf3 b6 3. d4 cxd4 4. Nxd4 Na6 5. c4 Bb7 6. Nc3 e6 7. Bf4 Ne7 8. a4
Ng6 9. Bg3 Bb4 10. Ndb5 O-O 11. Nd6 Nc5 12. Qc2 Bc6 13. Bd3 Qf6 14. O-O Ne5 15.
Be2 Nxa4 16. f4 Nxc3 17. bxc3 Bc5+ 18. Kh1 Ng6 19. e5 Qe7 20. Bd3 f5 21. Nb5
Nh4 22. Bxh4 Qxh4 23. Nd4 Bb7 24. h3 Qxh3+ 25. Kg1 Qe3+ 26. Kh2 Be4 27. Qb2
Qxd3 28. Qb3 Bxd4 29. Rfd1 Qe2 30. Ra2 Qh5+ 31. Kg3 Qg4+ 32. Kh2 Qh4# 0-1

[Event "Kieler Open 2021"]
[Site "Kiel"]
[Date "2021.07.24"]
[Round "1.36"]
[White "Peglau, Charis"]
[Black "Wang, Kaiwen"]
[Result "1-0"]
[WhiteElo "1827"]
[BlackElo "1068"]
[Annotator "PS"]
[PlyCount "63"]
[EventDate "2021.??.??"]
[WhiteTeam "SZent Seeblick"]
[BlackTeam "Hamburger SK"]

1. d4 d5 2. c4 c6 3. Nc3 Nf6 4. Nf3 Bf5 5. Qb3 Qb6 6. cxd5 Qxb3 7. axb3 cxd5 8.
Bf4 Nc6 9. e3 a6 10. Ne5 Bc2 11. Nxc6 bxc6 12. b4 Ne4 13. Nxe4 Bxe4 14. f3 Bf5
15. b5 a5 16. bxc6 e6 17. c7 Bb4+ 18. Kf2 O-O 19. g4 Bg6 20. Bb5 f5 21. Bd7 Kf7
22. gxf5 Bxf5 23. Rhc1 Ke7 24. c8=Q Raxc8 25. Bxc8 Bd3 26. Rc7+ Kf6 27. Be5+
Kf5 28. Rg1 g6 29. Bg7 g5 30. Bxf8 Bxf8 31. Rf7+ Kg6 32. Rxf8 1-0

[Event "Kieler Open 2021"]
[Site "Kiel"]
[Date "2021.07.24"]
[Round "1.37"]
[White "Peglau, Lorena"]
[Black "Kort, Felix"]
[Result "0-1"]
[WhiteElo "1005"]
[BlackElo "1816"]
[Annotator "PS"]
[PlyCount "74"]
[EventDate "2021.??.??"]
[WhiteTeam "SZent Seeblick"]
[BlackTeam "Hamburger SK"]

1. d4 f5 2. c4 Nf6 3. Nc3 g6 4. Nf3 Bg7 5. Bg5 O-O 6. e3 Ne4 7. Qc2 Nxg5 8.
Nxg5 e5 9. Nf3 exd4 10. Nxd4 f4 11. Nd1 fxe3 12. fxe3 c5 13. Nf3 Nc6 14. Bd3
Nb4 15. Qb3 a5 16. Nf2 Qe7 17. O-O Qxe3 18. Rfe1 Qf4 19. Re4 Qf6 20. Ng4 Qxb2
21. Qd1 Nxd3 22. Re3 Nf2 23. Nxf2 Qxa1 24. Qxa1 Bxa1 25. Re1 Bd4 26. Re7 Bxf2+
27. Kxf2 Ra6 28. Re5 Raf6 29. Re3 d6 30. h3 b6 31. Rb3 Bb7 32. Rc3 Bxf3 33.
gxf3 Rf4 34. Kg2 Rd4 35. a3 Rff4 36. Kg3 Rxc4 37. Re3 Kf7 0-1

[Event "Kieler Open 2021"]
[Site "Kiel"]
[Date "2021.07.24"]
[Round "1.38"]
[White "Hentrop, Malte"]
[Black "Hock, Reiner"]
[Result "1-0"]
[WhiteElo "1805"]
[BlackElo "998"]
[Annotator "PS"]
[PlyCount "61"]
[EventDate "2021.??.??"]
[WhiteTeam "Findorffer Sfr"]
[BlackTeam "SK Altona/Finkenwerder"]

1. d4 Nf6 2. c4 d6 3. Nc3 g6 4. e4 Bg7 5. Nf3 O-O 6. Be2 Bg4 7. O-O Bxf3 8.
Bxf3 Nbd7 9. Be3 e5 10. d5 a6 11. b4 c6 12. dxc6 bxc6 13. Qxd6 Qb8 14. Qxb8
Raxb8 15. Rab1 Rfd8 16. Rfd1 Nf8 17. Kf1 Ne6 18. Rxd8+ Rxd8 19. b5 cxb5 20.
cxb5 Rd3 21. bxa6 Rxc3 22. a7 Nc7 23. Rb8+ Bf8 24. a8=Q Nxa8 25. Rxa8 Kg7 26.
a4 h5 27. a5 Ng4 28. Bxg4 hxg4 29. a6 Rc4 30. a7 Rxe4 31. Rxf8 1-0

[Event "Kieler Open 2021"]
[Site "Kiel"]
[Date "2021.07.24"]
[Round "1.39"]
[White "Riechenberg, Sebastian"]
[Black "Nittel, Christian"]
[Result "0-1"]
[WhiteElo "985"]
[BlackElo "1795"]
[Annotator "PS"]
[PlyCount "44"]
[EventDate "2021.??.??"]
[WhiteTeam "SV Erkenschwick"]
[BlackTeam "VfB Friedrichshofen"]

1. e4 e6 2. d4 d5 3. exd5 exd5 4. Nc3 Be7 5. Bd3 Nf6 6. Nge2 Nc6 7. Bf4 a6 8.
a3 Bg4 9. f3 Be6 10. Qd2 b5 11. Nxb5 axb5 12. Bxb5 Bd7 13. Qc3 Bb4 14. axb4
Rxa1+ 15. Nc1 Qe7+ 16. Kf2 Nd8 17. Re1 Ne6 18. Bxd7+ Qxd7 19. Bxc7 O-O 20. Be5
Ng5 21. Qe3 Qf5 22. Bd6 Ng4+ 0-1

[Event "Kieler Open 2021"]
[Site "Kiel"]
[Date "2021.07.24"]
[Round "1.40"]
[White "Ermert, Karl Hans Ragnar"]
[Black "Tran, Hanna Emilie Mai Hoa"]
[Result "1-0"]
[WhiteElo "1767"]
[BlackElo "984"]
[Annotator "PS"]
[PlyCount "113"]
[EventDate "2021.??.??"]
[WhiteTeam "SJ Herborn 1998"]
[BlackTeam "SC Agon Neumünster"]

1. e4 e5 2. Nf3 Nc6 3. Bc4 Bc5 4. b4 Bxb4 5. c3 Ba5 6. d4 d6 7. dxe5 Bg4 8. O-O
dxe5 9. Qb3 Nh6 10. Bxh6 Qf6 11. Bg5 Qg6 12. Nbd2 f6 13. Bh4 O-O-O 14. Bd5 Qe8
15. Rab1 Bb6 16. Bxc6 Qxc6 17. Nxe5 Be6 18. Nxc6 Bxb3 19. Nxd8 Rxd8 20. Nxb3 g5
21. Bg3 Rd3 22. Rbc1 h5 23. c4 a6 24. c5 Ba7 25. h4 Rd7 26. hxg5 fxg5 27. c6
bxc6 28. Rxc6 Bb6 29. Rfc1 h4 30. Bh2 Kd8 31. a4 a5 32. Bxc7+ Bxc7 33. Rxc7
Rxc7 34. Rxc7 Kxc7 35. Nxa5 Kd6 36. Nc4+ Kc5 37. e5 g4 38. e6 Kc6 39. a5 Kc5
40. e7 Kxc4 41. e8=Q g3 42. Qc6+ Kd4 43. Qf6+ Kc5 44. a6 gxf2+ 45. Kxf2 Kd5 46.
a7 Ke4 47. Ke2 Kd5 48. Kd3 Kc5 49. Qd4+ Kc6 50. Kc4 h3 51. Qd5+ Kc7 52. a8=N+
Kc8 53. Nb6+ Kb8 54. Qd8+ Kb7 55. Kb5 h2 56. Qc8+ Ka7 57. Qa8# 1-0

[Event "Kieler Open 2021"]
[Site "Kiel"]
[Date "2021.07.24"]
[Round "2.1"]
[White "Teske,Henrik"]
[Black "Basey,Matthew"]
[Result "1-0"]
[Annotator "MaBa"]
[BlackElo "1922"]
[WhiteElo "2470"]

1.d4 Nf6 2.c4 e6 3.Nf3 d5 4.Nc3 c5 5.e3 Nc6 6.cxd5 Nxd5 7.Bb5 Nxc3 8.bxc3
cxd4 9.exd4 Qa5 10.Qb3 a6 11.Bd3 Be7 12.O-O O-O 13.Be3 Qc7 14.c4 Bf6 15.Rac1
g6 16.Rfd1 Na5 17.Qb1 Nc6 18.Kh1 Qa5 19.d5 exd5 20.cxd5 Na7 21.Bb6 Qa3
22.Bxa7 Rxa7 23.Qb6 Bb2 24.Rb1 Bf5 25.Bxf5 1-0

[Event "Kieler Open 2021"]
[Site "Kiel"]
[Date "2021.07.24"]
[Round "2.2"]
[White "Heutling,Elina"]
[Black "Spitzl,Vinzent"]
[Result "0-1"]
[Annotator "MaBa"]
[BlackElo "2346"]
[WhiteElo "1919"]

1.e4 e5 2.Nf3 Nc6 3.Bb5 a6 4.Ba4 b5 5.Bb3 Na5 6.d4 exd4 7.c3 Nxb3 8.Qxb3 Ne7
9.cxd4 d5 10.Nc3 Be6 11.e5 c5 12.Bg5 c4 13.Qd1 h6 14.Bd2 Nc6 15.h3 Be7 16.O-O
Qd7 17.b3 g5 18.bxc4 dxc4 19.Qe2 Nxd4 20.Qe4 Rd8 21.Be3 Nxf3+ 22.Qxf3 Bd5
23.Qe2 Bb7 24.Rad1 Qe6 25.Bd4 Rg8 26.f3 h5 27.Ne4 g4 28.fxg4 Bxe4 29.Qxe4
hxg4 30.Qh7 Qg6 31.Qxg6 Rxg6 32.Kh2 g3+ 33.Kh1 b4 34.Bb2 Rxd1 35.Rxd1 c3
36.Bc1 Bg5 37.Bxg5 Rxg5 38.Re1 Ke7 39.Kg1 Ke6 40.Re3 Rxe5 0-1

[Event "Kieler Open 2021"]
[Site "Kiel"]
[Date "2021.07.24"]
[Round "2.3"]
[White "Arndt,Magnus"]
[Black "Peglau,Dora"]
[Result "1-0"]
[Annotator "MaBa"]
[BlackElo "1906"]
[WhiteElo "2338"]

1.d4 Nf6 2.Bf4 d5 3.e3 Bf5 4.c4 e6 5.Nc3 Bd6 6.Nf3 Bxf4 7.exf4 c6 8.c5 Ne4
9.Nxe4 Bxe4 10.Nd2 O-O 11.Qb3 Qc7 12.Qe3 Bg6 13.h4 h5 14.Be2 Nd7 15.O-O Nf6
16.g3 Ng4 17.Bxg4 hxg4 18.Qe2 Bf5 19.Rfe1 Qe7 20.Nf1 Qf6 21.Rad1 Qg6 22.Ne3
b6 23.Rc1 b5 24.Rc3 a5 25.Nxf5 exf5 26.Re3 Qf6 27.Re5 g6 28.Kg2 Kg7 29.Qd2
Ra7 30.R1e3 a4 31.Qe1 Rc8 32.Kf1 Rcc7 33.Qe2 Kf8 34.Re8+ Kg7 35.R3e5 Rd7
36.Rc8 Rac7 37.Rxc7 Rxc7 38.Qe3 Rc8 39.Ke2 Kf8 40.Kd3 Qd8 41.Qe1 Qd7 42.Kc3
Re8 43.Rxe8+ Qxe8 44.Qxe8+ Kxe8 45.Kb4 1-0

[Event "Kieler Open 2021"]
[Site "Kiel"]
[Date "2021.07.24"]
[Round "2.4"]
[White "Peglau,Sarah"]
[Black "Browning,Alex"]
[Result "0-1"]
[Annotator "MaBa"]
[BlackElo "2307"]
[WhiteElo "1888"]

1.d4 Nf6 2.c4 c5 3.d5 e5 4.Nc3 d6 5.e4 Be7 6.Be2 O-O 7.Nf3 Nbd7 8.O-O Ne8
9.Ne1 Bg5 10.Nd3 a6 11.a3 Bxc1 12.Qxc1 Nef6 13.b4 Qc7 14.Qe3 cxb4 15.axb4
Qxc4 16.Nxe5 Qxb4 17.Rfb1 Qc5 18.Nxd7 Nxd7 19.Qg3 Nf6 20.Ra4 Qc7 21.Nb5 Qc2
22.Nc3 Qd2 23.Ra2 Qh6 24.Qxd6 Re8 25.e5 Bf5 26.Rxb7 Rad8 27.Qxa6 Qc1+ 28.Nd1
Nxd5 29.Ra1 Qd2 30.Bf3 Bd3 31.Qa5 Qxa5 32.Rxa5 Nf4 33.g3 Ng6 34.Bd5 Nxe5
35.f4 Bc4 36.Ne3 Nf3+ 37.Bxf3 Rxe3 38.Kf2 Red3 39.Rb2 g6 40.Rc2 Bb3 41.Re2
Be6 42.Rae5 Rb3 43.R5e3 Rb6 44.Re5 Kg7 45.Rc5 Rb1 46.Rce5 Kf6 47.Re1 Rb6
48.R1e2 Rdd6 49.Re1 h5 50.R1e2 Kg7 51.R5e3 Bc8 52.Re7 Be6 53.Rc7 Rb1 54.Re1
Rd2+ 55.Re2 Rd6 56.Re1 Rb3 57.Rc2 Ra3 58.Rb2 Rdd3 59.Be2 Rdc3 60.Rd2 h4 61.g4
Ra4 62.Kg2 h3+ 63.Kg1 Rxf4 64.Rf1 Rb4 65.Rf2 Bxg4 66.Bxg4 Rxg4+ 67.Kf1 Rc1+
68.Ke2 Rg2 69.Kf3 Rc3+ 70.Ke2 Rxf2+ 71.Kxf2 f5 72.Rd6 Kh6 73.Rd4 Kg5 74.Rd1
Kh5 75.Rd8 g5 76.Rd5 Kg4 77.Rd1 Rc2+ 78.Kg1 f4 79.Rf1 Kf5 80.Ra1 g4 81.Re1 g3
82.hxg3 fxg3 83.Kh1 Kf4 84.Rf1+ Ke3 85.Ra1 Kd2 86.Rg1 Rc1 0-1

[Event "Kieler Open 2021"]
[Site "Kiel"]
[Date "2021.07.24"]
[Round "2.5"]
[White "Dietz,Florian"]
[Black "Peglau,Mirjam"]
[Result "1-0"]
[Annotator "MaBa"]
[BlackElo "1906"]
[WhiteElo "2277"]

1.e4 e6 2.d4 d5 3.Nd2 dxe4 4.Nxe4 Bd7 5.Nf3 Bc6 6.Bd3 Nd7 7.O-O Ngf6 8.Ng3
Bd6 9.Re1 O-O 10.Ne5 Bxe5 11.dxe5 Nd5 12.Qh5 f5 13.exf6 N5xf6 14.Qh3 e5
15.Bg5 Qe8 16.Rad1 e4 17.Nxe4 Bxe4 18.Bxe4 Nxe4 19.Rxd7 Qe5 20.Bh4 Rae8
21.Qg4 g6 22.Qh3 Qa5 23.Qb3+ Kh8 24.Qe3 Kg8 25.h3 Qf5 26.Rxc7 g5 27.Qd4 Nf6
28.Rxe8 Rxe8 29.Qc4+ Nd5 30.Bg3 Re1+ 31.Kh2 Qe4 32.Qb5 Qe6 33.Rxb7 Nf4
34.Qxg5+ 1-0

[Event "Kieler Open 2021"]
[Site "Kiel"]
[Date "2021.07.24"]
[Round "2.6"]
[White "Olde,Henning"]
[Black "Mitscherling,Andreas"]
[Result "0-1"]
[Annotator "MaBa"]
[BlackElo "2185"]
[WhiteElo "1832"]

1.f4 c5 2.Nf3 e6 3.e3 Nc6 4.d4 Nf6 5.c3 d5 6.Bd3 Bd6 7.O-O O-O 8.Ne5 Ne4
9.Bxe4 dxe4 10.Nd2 f5 11.Ndc4 cxd4 12.Nxd6 Qxd6 13.cxd4 b6 14.Bd2 Ba6 15.Re1
Nxe5 16.dxe5 Qd3 17.Bc3 Rfd8 18.Rc1 Rac8 19.Qa4 Qc4 20.Qxc4 Rxc4 21.Red1 Rd3
22.Rxd3 exd3 23.Kf2 Bb7 24.Bd2 Rc2 25.Rxc2 dxc2 26.h3 h5 27.h4 Kf7 28.g3 Ke8
29.Bc1 Kd7 30.Ke2 Be4 31.Kd2 Kc6 32.b3 Kd5 33.Kc3 b5 34.Bd2 a5 35.a3 g6 36.b4
a4 37.Bc1 Bg2 38.Kd3 Bf1+ 39.Kxc2 Ke4 40.Bd2 Kf3 41.Kd1 Kxg3 42.Be1+ Kf3
43.Bd2 Bd3 44.Ke1 Kg3 45.Bc3 Kxh4 46.Kf2 Kg4 47.Bd4 h4 48.Kg2 h3+ 49.Kh2 Bf1
50.Bc5 Bg2 51.Bb6 Kf3 0-1

[Event "Kieler Open 2021"]
[Site "Kiel"]
[Date "2021.07.24"]
[Round "2.7"]
[White "Gaerths,Ronny"]
[Black "Strätker,Sebastian"]
[Result "1-0"]
[Annotator "MaBa"]
[BlackElo "1887"]
[WhiteElo "2171"]

1.d4 Nf6 2.Bg5 d5 3.e3 Bf5 4.Bxf6 exf6 5.Bd3 Bxd3 6.Qxd3 c6 7.Nf3 Bd6 8.Nbd2
O-O 9.O-O Qd7 10.c4 Na6 11.cxd5 cxd5 12.a3 Nb8 13.Nb1 Nc6 14.Nc3 g5 15.Qb5
Rfd8 16.Rac1 Ne7 17.Qd3 Rac8 18.g3 h5 19.Kg2 Bb8 20.Rfd1 Ng6 21.h4 gxh4
22.gxh4 Re8 { warum nicht dg4_ } 23.Qf5 Red8 24.Qxd7 Rxd7 25.Na4 Rdc7 26.Rc5
Rxc5 27.dxc5 Rd8 28.Nc3 Be5 29.Nxd5 Kf8 30.Nc3 Rc8 31.Na4 Ke7 32.Kf1 Ke6
33.Ke2 Ne7 34.Nxe5 1-0

[Event "Kieler Open 2021"]
[Site "Kiel"]
[Date "2021.07.24"]
[Round "2.8"]
[White "Kort,Felix"]
[Black "Buchholz,Sebastian"]
[Result "0-1"]
[Annotator "MaBa"]
[BlackElo "2151"]
[WhiteElo "1816"]

1.d4 d6 2.c4 Nf6 3.Nc3 g6 4.e4 Bg7 5.Be2 O-O 6.Be3 Nbd7 7.g4 c5 8.d5 Qa5
9.Qd2 Nb6 10.f3 e6 11.h4 exd5 12.cxd5 Na4 13.Nxa4 Qxa4 14.h5 Bxg4 15.Bd1 Qe8
16.fxg4 Nxe4 17.Qh2 Nf6 18.Kd2 Qe4 19.Bf3 Qb4+ 20.Kd1 Rfe8 21.Bd2 Qxb2 22.Rc1
Qxa2 23.g5 Nxd5 24.hxg6 hxg6 25.Ne2 Qb3+ 26.Ke1 Qxf3 27.Qh7+ Kf8 28.Rh2 Re7
29.Rf2 Qd3 30.Kd1 Rae8 0-1

[Event "Kieler Open 2021"]
[Site "Kiel"]
[Date "2021.07.24"]
[Round "2.9"]
[White "Steffens,Olaf"]
[Black "Peglau,Charis"]
[Result "1/2-1/2"]
[Annotator "MaBa"]
[BlackElo "1827"]
[WhiteElo "2145"]

1.b4 e5 2.a3 d5 3.Bb2 Bd6 4.c4 c6 5.Nf3 Nd7 6.Nc3 Ngf6 7.cxd5 Nxd5 8.e3 Nxc3
9.Bxc3 O-O 10.Qc2 Re8 11.Be2 Nf6 12.O-O Nd5 13.Bb2 Qf6 14.Ne1 Bf5 15.e4 Bg6
16.g3 Qg5 17.Ng2 Nc7 18.Bc4 Rad8 19.d3 Bh5 20.f4 exf4 21.Nxf4 Bxf4 22.Rxf4
Ne6 23.Rf5 Qe3+ 24.Qf2 Qxf2+ 25.Rxf2 b5 26.Ba2 Rxd3 27.Rc1 Rd1+ 28.Rxd1 Bxd1
29.Bxe6 fxe6 30.Rd2 Bf3 31.Rd7 e5 32.Kf2 Bxe4 33.Ke3 Bd5 34.Rxa7 h6 35.Rd7
Kh7 36.Bc3 Kg6 37.Bb2 Kf6 38.Bc3 g6 39.Rh7 h5 40.Rd7 Re6 41.a4 bxa4 42.b5 Bh1
43.b6 c5 44.b7 Re8 45.Rc7 Rb8 46.Rxc5 Rxb7 47.Bxe5+ Ke6 48.Ra5 Bd5 49.Bc3 Bb3
50.Ra6+ Kf5 51.Rf6+ Kg5 52.h4+ Kh6 53.Rf8 a3 54.Kd2 Rd7+ 55.Ke2 Bc4+ 56.Ke1
Bb3 57.Rh8+ Rh7 58.Bd2+ Kg7 59.Bc3+ Kh6 60.Bd2+ Kg7 1/2-1/2

[Event "Kieler Open 2021"]
[Site "Kiel"]
[Date "2021.07.24"]
[Round "2.10"]
[White "Nittel,Christian"]
[Black "Weihrauch,Jakob"]
[Result "1/2-1/2"]
[Annotator "MaBa"]
[BlackElo "2137"]
[WhiteElo "1795"]

1.d4 Nf6 2.Nf3 g6 3.g3 Bg7 4.Bg2 O-O 5.O-O d5 6.c4 c6 7.Nc3 Bf5 8.cxd5 cxd5
9.Qb3 Qb6 10.Nxd5 Nxd5 11.Qxd5 Nc6 12.Bd2 Qxb2 13.e3 e5 14.Qb3 Qxb3 15.axb3
exd4 16.exd4 Be4 17.Ra2 Nxd4 18.Nxd4 Bxg2 19.Kxg2 Bxd4 20.Bh6 Rfe8 21.Rd1
Rad8 22.Rad2 Bf6 23.Be3 b6 24.Rd7 Kg7 25.Kf3 Rxd7 26.Rxd7 Rc8 27.Rxa7 Rc3
28.Ke4 Rxb3 29.h4 h5 30.Rb7 b5 31.Kd5 Rb1 32.Bc5 Bc3 33.Be3 Rb2 34.Ke4 b4
35.Kd5 Rc2 36.Ke4 Ra2 37.Kd3 Kf6 38.Rb5 Ke6 39.Ke4 Kd6 40.Rb6+ Kc7 41.Rb5 Be1
42.Kd5 Kd7 43.Rb7+ Kc8 44.Rxf7 b3 45.Rf8+ Kd7 46.Rf7+ Kd8 47.Rb7 1/2-1/2

[Event "Kieler Open 2021"]
[Site "Kiel"]
[Date "2021.07.24"]
[Round "2.11"]
[White "Popvasilev,Kaloyan"]
[Black "Hentrop,Malte"]
[Result "1-0"]
[Annotator "MaBa"]
[BlackElo "1805"]
[WhiteElo "2127"]

1.e4 e5 2.Nf3 Nc6 3.Nc3 Bc5 4.Nxe5 Nxe5 5.d4 Bb4 6.dxe5 Bxc3+ 7.bxc3 Ne7
8.Bd3 O-O 9.O-O d6 10.exd6 Qxd6 11.Qh5 f5 12.Rd1 Qg6 13.Qxg6 Nxg6 14.Bc4+ Kh8
15.Ba3 1-0

[Event "Kieler Open 2021"]
[Site "Kiel"]
[Date "2021.07.24"]
[Round "2.12"]
[White "Gut,Lionel"]
[Black "Bus,Tom"]
[Result "1/2-1/2"]
[Annotator "MaBa"]
[BlackElo "2108"]
[WhiteElo "1767"]

1.d4 d5 2.c4 e6 3.Nc3 a6 4.cxd5 exd5 5.Bf4 Nf6 6.e3 Bd6 7.Bxd6 Qxd6 8.Bd3 O-O
9.Nge2 Re8 10.h3 c5 11.dxc5 Qxc5 12.O-O Nc6 13.Rc1 Qd6 14.Bb1 Be6 15.Ng3 Rad8
16.Nh5 Qe5 17.Nxf6+ Qxf6 18.Qd3 Qh6 19.Qe2 d4 20.exd4 Nxd4 21.Qe3 Qxe3
22.fxe3 Nc6 23.Rcd1 Ne5 24.b3 Kf8 25.Be4 Rc8 26.Nd5 Rc5 27.Nf4 Bc8 28.Bxh7 g6
29.Nxg6+ Kg7 30.Nxe5 Rcxe5 31.Bb1 Rxe3 32.Rc1 Be6 33.Rc7 Bd5 34.Rd7 R8e5
35.h4 Rg3 36.Rf2 Rg4 37.Bd3 Rxh4 38.Bc4 Bxc4 39.bxc4 Re1+ 40.Rf1 Rxf1+
41.Kxf1 Rxc4 42.Rxb7 Rc1+ 43.Kf2 Rc2+ 44.Kg3 Rxa2 45.Rb6 a5 46.Ra6 Ra4 47.Kh3
f6 48.Kg3 Kg6 49.Ra8 Kg5 50.Rg8+ Kf5 51.Ra8 Ra3+ 52.Kh2 a4 53.Ra6 Kg5 54.Ra8
Kf5 55.Ra7 Ra1 56.Ra8 Kf4 57.Ra7 a3 58.Ra8 f5 59.Ra7 Ke4 60.Ra5 f4 61.Ra4+
Ke3 62.Ra8 a2 63.Ra3+ Kd4 64.Ra8 Kc4 65.Rc8+ Kb4 66.Rb8+ Ka5 67.Ra8+ Kb6
68.Ra3 Kb7 1/2-1/2

[Event "Kieler Open 2021"]
[Site "Kiel"]
[Date "2021.07.24"]
[Round "2.13"]
[White "Dittmann,Hans-Adolf"]
[Black "Ermert,KarlÂ HansÂ Rag"]
[Result "1-0"]
[Annotator "MaBa"]
[BlackElo "1767"]
[WhiteElo "2083"]

1.e4 e6 2.d4 d5 3.Nc3 Nf6 4.Bg5 dxe4 5.Nxe4 Be7 6.Bxf6 gxf6 7.Nf3 f5 8.Nc3 a6
9.Qd2 b5 10.g3 Bb7 11.Bg2 O-O 12.O-O Nd7 13.Rad1 b4 14.Ne2 Nf6 15.c4 bxc3
16.bxc3 Bd5 17.Nf4 c6 18.Ne5 Bxg2 19.Kxg2 Ne4 20.Qc2 Qc7 21.f3 Nf6 22.Rfe1
Nd5 23.Qd2 Rab8 24.Nfd3 Rb6 25.c4 Nb4 26.Nc5 Rd8 27.a3 Bxc5 28.Qg5+ Kf8
29.dxc5 Rxd1 30.Rxd1 Rb8 31.Rd7 Qxe5 32.Qe7+ Kg8 33.Qxf7+ Kh8 34.Qxh7# 1-0

[Event "Kieler Open 2021"]
[Site "Kiel"]
[Date "2021.07.24"]
[Round "2.14"]
[White "Rohmann,Volker"]
[Black "Callsen,Niklas"]
[Result "0-1"]
[Annotator "MaBa"]
[BlackElo "2072"]
[WhiteElo "1766"]

1.d4 Nf6 2.Nf3 g6 3.Bf4 Bg7 4.e3 d6 5.h3 O-O 6.Be2 Nbd7 7.O-O Qe8 8.Re1 e5
9.Bh2 Qe7 10.c4 Re8 11.Nc3 e4 12.Nd2 h5 13.Rc1 Nf8 14.b4 Bf5 15.a4 h4 16.Nb3
Ne6 17.d5 Ng5 18.Nd4 Nxh3+ 19.gxh3 Bxh3 20.Kh1 Kh7 21.Rg1 a5 22.b5 b6 23.Bf1
Bc8 24.Be2 Nd7 25.Bg4 Nc5 26.Bxc8 Raxc8 27.Qe2 Rh8 28.Rg2 h3 29.Rg3 Be5
30.Rxh3+ Kg7 31.Nc6 Rxh3 32.Nxe7 Rxh2+ 33.Kg1 Rch8 34.f4 Rh1+ 35.Kg2 R8h2+
36.Kg3 Rxe2 37.Nxe2 Rxc1 38.Nxc1 Bc3 39.f5 Kf6 0-1

[Event "Kieler Open 2021"]
[Site "Kiel"]
[Date "2021.07.24"]
[Round "2.15"]
[White "Farokhi,Keyvan"]
[Black "Sauer,Tim"]
[Result "1-0"]
[Annotator "MaBa"]
[BlackElo "1767"]
[WhiteElo "2045"]

1.e4 c5 2.Nf3 g6 3.d4 cxd4 4.Nxd4 Bg7 5.c4 Nc6 6.Be3 Nf6 7.Nc3 O-O 8.Be2 d6
9.O-O Bd7 10.Qd2 Nxd4 11.Bxd4 Bc6 12.f3 a5 13.Rac1 Nd7 14.Be3 Nc5 15.Nd5 e6
16.Nc3 Be5 17.g3 f5 18.exf5 gxf5 19.Nb5 Rf7 20.Rfd1 Rd7 21.Nd4 Bxd4 22.Bxd4
e5 23.Be3 f4 24.gxf4 Rg7+ 25.Kh1 Ne4 26.Qd3 exf4 27.fxe4 fxe3 28.Qxe3 Qh4
29.Bf3 Rf8 30.Re1 Rg3 31.Rg1 Rxf3 32.Qxf3 Bxe4 33.Rxg3+ Kh8 34.Rf1 Bxf3+
35.Rfxf3 Qe4 36.Kg1 Qe1+ 37.Rf1 Qe7 38.Rgf3 Kg7 39.R1f2 Qe1+ 40.Kg2 Qe4 41.b3
b6 42.h3 h5 43.Kh2 Qe5+ 44.Rg3+ Kh6 45.Kg2 Qe4+ 46.Rgf3 Kg7 47.Rd2 Qe5
48.Rg3+ Kh7 49.Rgd3 Qg5+ 50.Kf2 Qf4+ 51.Ke2 Qe5+ 52.Re3 Qh2+ 53.Kd3 Qf4
54.Rde2 Qf5+ 55.Kd4 Qc5+ 56.Kc3 d5 57.Re7+ Kg8 58.Rd7 Kf8 59.Rxd5 Qc6 60.Rf2+
1-0